Modelovanie priestorovej klonálnej evolučnej histórie nádorového procesu
Gespeichert in:
| 1. Verfasser: | |
|---|---|
| Weitere Verfasser: | |
| Format: | Manuskript Buch |
| Sprache: | Slowakisch |
| Veröffentlicht: |
2024
|
| Schlagworte: | |
| Online-Zugang: | http://is.stuba.sk/zp/portal_zp.pl?podrobnosti=177166 |
| Tags: |
Keine Tags, Fügen Sie das erste Tag hinzu!
|
MARC
| LEADER | 00000ntm a22000003a 4500 | ||
|---|---|---|---|
| 001 | stuzp100160 | ||
| 003 | SK-STU | ||
| 005 | 20240608213528.0 | ||
| 007 | ta | ||
| 008 | 150427s2015----xo-----f-mn---000-0-slo-d | ||
| 040 | |a STU |b slo | ||
| 041 | 0 | |a slo | |
| 100 | 1 | |a Szabó, Róbert |u 070200 |4 aut |U FIIT Fakulta informatiky a informačných technológií |T FIIT Ústav informatiky, informačných systémov a softvérového inžinierstva |X 79759 |U I200 |Y 179 |7 79759 | |
| 242 | 0 | 1 | |a Modeling Spatial Clonal Evolutionary History of the Tumour Process |y eng |
| 245 | 1 | 0 | |a Modelovanie priestorovej klonálnej evolučnej histórie nádorového procesu |
| 260 | |c 2024 | ||
| 650 | 4 | |a vývoj rakoviny |2 slo | |
| 650 | 4 | |a fylogenetický strom |2 slo | |
| 650 | 4 | |a viaceré vzorky |2 slo | |
| 650 | 4 | |a cancer evolution |2 eng | |
| 650 | 4 | |a phylogenetic tree |2 eng | |
| 650 | 4 | |a multiple samples |2 eng | |
| 700 | 1 | |a Kováčová, Monika |u 070200 |k Z1 |4 ths |U FIIT Fakulta informatiky a informačných technológií |T FIIT Ústav informatiky, informačných systémov a softvérového inžinierstva |X 2333 |U I200 |Y 179 |7 A000002333 | |
| 856 | 4 | |u http://is.stuba.sk/zp/portal_zp.pl?podrobnosti=177166 | |